| 000 | 01304nam a2200289 a 4500 | ||
|---|---|---|---|
| 003 | DO-SdBNP | ||
| 005 | 20220203122832.0 | ||
| 008 | 091009s1992 dr ac r 000 0 spa d | ||
| 040 |
_aDO-SdBNP _bspa _cBPMSU |
||
| 082 |
_a972.9302 _bS438L 1992 _222 |
||
| 245 | 0 | 3 |
_aLa señal de la luz : _bel Faro a Colón, trayecto histórico 1852-1992 / _cedición Juan José Ayuso, José Israel Cuello. |
| 260 |
_aSanto Domingo : _bGrupo Selman, _c1992. |
||
| 300 |
_a153 p. : _bil., retrs. ; _c24 cm. |
||
| 500 | _aIncluye referencias bibliográficas y notas al pie de las páginas | ||
| 500 | _aV Centenario del Descubrimiento y conquista de América | ||
| 504 | _aBibliografía : p. 151 -153 | ||
| 505 | 0 |
_aEl labrado de mármol -- _tBreve descripción del proyecto y propuesta de lectura simbólica -- _tIngeniería de luces. (Iemca en el proyecto) 1986-1992 -- _tLa señal de la luz 1852-1992 -- _tApéndice -- _tBibliografía |
|
| 590 | _aInventariado, 2020/VM | ||
| 600 | 1 | 4 |
_aColón, Cristóbal, _d*1451?-1506 |
| 610 | 2 | _aFaro a Colón (Santo Domingo, República Dominicana) | |
| 650 | 4 |
_aMonumentos _zRepública Dominicana |
|
| 651 | 4 |
_aRepública Dominicana _xHistoria |
|
| 700 | 1 |
_aAyuso, Juan José _eeditor |
|
| 700 | 1 |
_aCuello José Israel _eeditor |
|
| 910 | _a VMateo V. | ||
| 942 |
_2ddc _cBK |
||
| 999 |
_c14007 _d14007 |
||